000 00709nam a2200253Ia 4500
003 OSt
005 20221007071925.0
006 a|||||r|||| 00| 0
007 ta
008 221006b |||||||| |||| 00| 0 eng d
024 _a10,242
037 _cTextual
040 _aFLL
_cFLL
_beng
041 _2eng
_aeng
082 _aV73:2:9Z, L0
100 _aTresolini Rocco J. Au.
_9689678
245 0 _aAmerican constitutional law
250 _a3rd
260 _aLondon
_bMacmillan comp. India
_c1970
300 _axxviii,825p
_ccm.
700 _a Shapiro Martin Au.
_9689679
942 _hV73:2:9Z, L0
_cTEXL
_2CC
999 _c1144678
_d1144678